Revolution and dictatorship : (Record no. 751598)

MARC details
000 -LEADER
fixed length control field 03213nam a22003497a 4500
020 ## - INTERNATIONAL STANDARD BOOK NUMBER
ISBN 9780691254890
082 04 - DEWEY DECIMAL CLASSIFICATION NUMBER
Classification number 303.64 LEV/R
Edition number 23
100 1# - MAIN ENTRY--AUTHOR NAME
Personal name Levitsky, Steven,
245 10 - TITLE STATEMENT
Title Revolution and dictatorship :
Sub Title the violent origins of durable authoritarianism /
Statement of responsibility, etc by Steven Levitsky, Lucan Way.
246 1# - VARYING FORM OF TITLE
Title proper/short title Revolution & dictatorship
300 ## - PHYSICAL DESCRIPTION
Number of Pages xi, 638 pages :
Other physical details illustrations, charts ;
504 ## - BIBLIOGRAPHY, ETC. NOTE
Bibliography, etc Includes bibliographical references (pages 525-605) and index.
505 0# - FORMATTED CONTENTS NOTE
Formatted contents note A Theory of Revolutionary Durability -- The Revolutionary Origins of Soviet Durability -- The Revolutionary Origins of Chinese Authoritarian Durability -- The Durability of Mexico's Revolutionary Regime -- Regime Origins and Diverging Paths in Vietnam, Algeria, and Ghana -- Radicalism and Durability : Cuba and Iran -- Radical Failures : Early Deaths of the Hungarian Soviet Republic, the Khmer Rouge, and the Taliban -- Accommodation and Instability : Bolivia, Nicaragua, and Guinea-Bissau.
520 ## - SUMMARY, ETC.
Summary, etc "Revolution and Dictatorship explores why dictatorships born of social revolution--such as those in China, Cuba, Iran, the Soviet Union, and Vietnam--are extraordinarily durable, even in the face of economic crisis, large-scale policy failure, mass discontent, and intense external pressure. Few other modern autocracies have survived in the face of such extreme challenges. Drawing on comparative historical analysis, Steven Levitsky and Lucan Way argue that radical efforts to transform the social and geopolitical order trigger intense counterrevolutionary conflict, which initially threatens regime survival, but ultimately fosters the unity and state-building that supports authoritarianism. Although most revolutionary governments begin weak, they challenge powerful domestic and foreign actors, often bringing about civil or external wars. These counterrevolutionary wars pose a threat that can destroy new regimes, as in the cases of Afghanistan and Cambodia. Among regimes that survive, however, prolonged conflicts give rise to a cohesive ruling elite and a powerful and loyal coercive apparatus. This leads to the downfall of rival organizations and alternative centers of power, such as armies, churches, monarchies, and landowners, and helps to inoculate revolutionary regimes against elite defection, military coups, and mass protest--three principal sources of authoritarian breakdown. Looking at a range of revolutionary and nonrevolutionary regimes from across the globe, Revolution and Dictatorship shows why governments that emerge from violent conflict endure." -- Page 2 of cover
650 #0 - SUBJECT ADDED ENTRY--TOPICAL TERM
Topical Term Revolutions.
650 #0 - SUBJECT ADDED ENTRY--TOPICAL TERM
Topical Term Authoritarianism.
650 #0 - SUBJECT ADDED ENTRY--TOPICAL TERM
Topical Term Political stability.
650 #0 - SUBJECT ADDED ENTRY--TOPICAL TERM
Topical Term Dictatorship.
650 #2 - SUBJECT ADDED ENTRY--TOPICAL TERM
Topical Term Authoritarianism
650 #6 - SUBJECT ADDED ENTRY--TOPICAL TERM
Topical Term Révolutions.
650 #6 - SUBJECT ADDED ENTRY--TOPICAL TERM
Topical Term Autoritarisme.
650 #6 - SUBJECT ADDED ENTRY--TOPICAL TERM
Topical Term Stabilité politique.
650 #6 - SUBJECT ADDED ENTRY--TOPICAL TERM
Topical Term Dictature.
650 #7 - SUBJECT ADDED ENTRY--TOPICAL TERM
Topical Term revolutions.
650 #7 - SUBJECT ADDED ENTRY--TOPICAL TERM
Topical Term dictatorships.
650 #7 - SUBJECT ADDED ENTRY--TOPICAL TERM
Topical Term Authoritarianism.
650 #7 - SUBJECT ADDED ENTRY--TOPICAL TERM
Topical Term Political stability.
650 #7 - SUBJECT ADDED ENTRY--TOPICAL TERM
Topical Term Revolutions.
700 1# - ADDED ENTRY--PERSONAL NAME
Personal name Way, Lucan,
942 ## - ADDED ENTRY ELEMENTS (KOHA)
Source of classification or shelving scheme Dewey Decimal Classification
Koha item type Book
Holdings
Withdrawn status Lost status Source of classification or shelving scheme Damaged status Not for loan Home Library Current Location Date acquired Full call number Accession Number Price effective from Koha item type
    Dewey Decimal Classification     Dept. of Political Science Dept. of Political Science 04/03/2025 303.64 LEV/R POL23794 19/09/2025 Book